| 000 | 00428nam a2200169Ia 4500 | ||
|---|---|---|---|
| 008 | 230524s9999 xx 000 0 und d | ||
| 082 |
_a621.38456 _bPRA |
||
| 100 | _aDharma Prakash Agrawal | ||
| 245 | 0 | _aIntroduction to Wireless & Mobile Systems | |
| 250 | _a2ND | ||
| 260 |
_aNEW DELHI _bVikas _c2003 |
||
| 300 | _a438 | ||
| 500 | _aQuantity Number: 2 | ||
| 650 | _aElectronics | ||
| 700 | _a Qing-An Zeng | ||
| 942 | _cBK | ||
| 999 |
_c15161 _d15161 |
||